Research Design/ (Record no. 34602)
[ view plain ]
| 000 -LEADER | |
|---|---|
| fixed length control field | 00446nam a2200157Ia 4500 |
| 008 - FIXED-LENGTH DATA ELEMENTS--GENERAL INFORMATION | |
| fixed length control field | 231019s9999 xx 000 0 und d |
| 082 ## - DEWEY DECIMAL CLASSIFICATION NUMBER | |
| Classification number | 300.721 |
| Item number | CRE -R |
| 100 ## - MAIN ENTRY--AUTHOR | |
| Author Name | Creswell,John.W |
| 245 #0 - TITLE STATEMENT | |
| Title | Research Design/ |
| Statement of responsibility, etc. | John W. Creswell |
| 250 ## - EDITION STATEMENT | |
| Edition statement | 3rd ed. |
| 260 ## - PUBLICATION, DISTRIBUTION, ETC. | |
| Place of Publication | USA; |
| Name of publisher, distributor, etc. | Sage Publications; |
| Date of publication, distribution, etc. | 2020. |
| 300 ## - PHYSICAL DESCRIPTION | |
| Pages | xxix, 260p.: |
| 500 ## - GENERAL NOTE | |
| General note | Include Subject Index. |
| 650 ## - SUBJECT ADDED ENTRY--TOPICAL TERM | |
| Subject / Department | Social Science/Research Design |
| 300 ## - PHYSICAL DESCRIPTION | |
| -- | ill; |
| -- | 25 cm. |
| 952 ## - LOCATION AND ITEM INFORMATION (KOHA) | |
| -- | 0 |
| -- | 0 |
| Lost status | Damaged status | Collection code | Permanent Location | Current Location | Shelving Location | Date acquired | Full Call Number | Accession No./Barcode | Date last seen | item type | Koha item type |
|---|---|---|---|---|---|---|---|---|---|---|---|
| Economics/Commerce | Superior Information Resource Center (SIRC) Superior University - City Campus | Superior Information Resource Center (SIRC) Superior University - City Campus | Economics | 10/19/2023 | 300.721 CRE -R 2020 | 28151 | 10/19/2023 | BOOK | BOOK |
